000 00219 a2200097 4500
001 31423
100 _aIvens
245 _aTen Minute Guide to Microsoft Exchange 4.0
260 _aPH
_bPHI
_c1996
090 _c21308
_d21308
942 _aNUST-CAE
_cM
_c12568
999 _c266496
_d266496